000
00267nam a2200097Ia 4500
082
_a
968.751 CAPE
245
0
_a
The Cape journal : Willowmore
100
_a
WESTBY-NUNN, Tony Cape Town, 2009
_9
81796
942
_c
BK
008
210817s9999 xx 000 0 und d
999
_c
322604
_d
322603